| 000 | 01731nam a2200409Ia 4500 | ||
|---|---|---|---|
| 003 | GCL | ||
| 008 | 140319s9999 xx 000 0 ara d | ||
| 040 |
_aGCL / _cGCL |
||
| 082 | 0 | 4 |
_aد _b050 _bم ح |
| 245 | 1 | 0 | _aحصاد الفكر ( اعداد 135 - 136 -137 - 138 - 139-140 - 142 - 143 - 144 - 145 - 146 - 147- 148-149-150-151-152 ) |
| 260 |
_aالقاهرة : _bمركز الاعلام العربى ، _c2003 |
||
| 490 |
_aسلسلة عصفور الجنه _v0 |
||
| 650 | 0 | 4 | _aالاسلام والحضارة |
| 650 | 0 | 4 | _aالاسلام والمجتمع |
| 650 | 0 | 4 | _aالاستشراق والمستشرقون |
| 650 | 0 | 4 | _aالاشتراكية |
| 650 | 0 | 4 | _aالادارة |
| 650 | 0 | 4 | _aحقوق الانسان |
| 650 | 0 | 4 | _aمكافحة المخدرات |
| 650 | 0 | 4 | _aالبطالة |
| 650 | 0 | 4 | _aالاقليات |
| 650 | 0 | 4 | _aالقران والعلم |
| 650 | 0 | 4 | _aالاستعمار فى البلاد العربية |
| 650 | 0 | 4 | _aالمنظمات الدولية |
| 650 | 0 | 4 | _aالاسلحة والتسليح |
| 650 | 0 | 4 | _aابن رشد، ابوالوليد محمد بن احمد |
| 650 | 0 | 4 | _aالاخوان المسلمون |
| 650 | 0 | 4 | _aالدين - فلسفة |
| 650 | 0 | 4 | _aالسودان - الاحوال السياسية |
| 650 | 0 | 4 | _aمصر - التنمية الاقتصادية |
| 650 | 0 | 4 | _aالعراق - تاريخ -العصر الحديث |
| 650 | 0 | 4 | _aالسعودية - العلاقات الخارجية |
| 650 | 0 | 4 | _aالادب العربى - تاريخ - العصر الحديث |
| 650 | 0 | 4 | _aالسودان - الاحوال الاجتماعية |
| 650 | 0 | 4 | _aالولايات المتحدة الامريكية - الاحزاب السياسية |
| 942 |
_2ddc _cCR |
||
| 999 |
_c41441 _d41441 |
||